|
|
|
|
| LEADER |
01512nam a2200385 a 4500 |
| 001 |
000031217 |
| 003 |
CZ BrMZK |
| 005 |
20240923095507.0 |
| 007 |
ta |
| 008 |
010907s1995 xr e d cze d |
| 015 |
|
|
|a cnb000097107
|
| 020 |
|
|
|a 80-85647-14-1
|
| 040 |
|
|
|a BOA001
|b cze
|
| 041 |
1 |
|
|a cze
|a lat
|
| 080 |
|
|
|a 34
|2 MRF
|
| 080 |
|
|
|a 811.124
|2 MRF
|
| 080 |
|
|
|a 811.162.3
|2 MRF
|
| 080 |
|
|
|a 81'373.46
|2 MRF
|
| 080 |
|
|
|a (038)81
|2 MRF
|
| 100 |
1 |
|
|a Klang, Miloš,
|d 1924-
|7 xx0002771
|4 aut
|
| 245 |
1 |
0 |
|a Malá encyklopedie latiny v právu :
|b slova, slovní obraty a úsloví z latiny pro právníky /
|c Miloš Klang
|
| 260 |
|
|
|a Praha :
|b Linde,
|c 1995
|
| 300 |
|
|
|a 155 s. ;
|c 15 cm
|
| 650 |
0 |
7 |
|a právo
|7 ph115914
|2 czenas
|
| 650 |
0 |
7 |
|a latina
|7 ph122187
|2 czenas
|
| 650 |
0 |
7 |
|a čeština
|7 ph135292
|2 czenas
|
| 650 |
0 |
7 |
|a oborová terminologie
|7 ph138998
|2 czenas
|
| 655 |
|
7 |
|a dvojjazyčné překladové slovníky
|7 fd208746
|2 czenas
|
| 655 |
|
7 |
|a terminologické slovníky
|7 fd202538
|2 czenas
|
| 856 |
4 |
1 |
|u http://www.digitalniknihovna.cz/mzk/uuid/uuid:c4f688a0-9ba0-11e2-9a9f-005056827e51
|y Digitalizovaný dokument
|x NDK
|
| 910 |
|
|
|a BOA001
|b 1-1011.478
|
| 990 |
|
|
|a BK
|
| 996 |
7 |
|
|b 2610024371
|c 1-1011.478
|l MZK
|r Sklad / do 1 hodiny
|n 19
|p p.v.
|w 000031217
|u 000010
|a 1
|e BOA001
|j MZK50
|s A
|
| 996 |
6 |
|
|b 2610024372
|c 1-1011.478
|l MZK
|r Sklad / do 1 hodiny
|n 0
|p kup
|w 000031217
|u 000020
|a 1
|e BOA001
|j MZK50
|s P
|
| 996 |
7 |
|
|b 2610029474
|c 1-1011.478
|l MZK
|r Sklad / do 1 hodiny
|n 5
|p p.v.
|w 000031217
|u 000030
|a 1
|e BOA001
|j MZK50
|s A
|